<?xml version="1.0" encoding="UTF-8"?>
<record
    xmlns:xsi="http://www.w3.org/2001/XMLSchema-instance"
    xsi:schemaLocation="http://www.loc.gov/MARC21/slim http://www.loc.gov/standards/marcxml/schema/MARC21slim.xsd"
    xmlns="http://www.loc.gov/MARC21/slim">

  <leader>01523nabaa22001937a 4500</leader>
  <datafield tag="999" ind1=" " ind2=" ">
    <subfield code="c">6105</subfield>
    <subfield code="d">6105</subfield>
  </datafield>
  <controlfield tag="003">OSt</controlfield>
  <controlfield tag="005">20260122085454.0</controlfield>
  <controlfield tag="008">190701b        xxu||||| |||| 00| 0 spa d</controlfield>
  <datafield tag="040" ind1=" " ind2=" ">
    <subfield code="c">PJ</subfield>
  </datafield>
  <datafield tag="100" ind1=" " ind2=" ">
    <subfield code="9">6873</subfield>
    <subfield code="a">Rivera, Fernando Manuel</subfield>
  </datafield>
  <datafield tag="245" ind1="1" ind2="3">
    <subfield code="a">El dominio y jurisdicci&#xF3;n de las provincias con litoral mar&#xED;timo en materia de pesca :</subfield>
    <subfield code="b">antecedentes de las provincias con litoral mar&#xED;timo /</subfield>
    <subfield code="c">Fernando Manuel Rivera.</subfield>
  </datafield>
  <datafield tag="300" ind1=" " ind2=" ">
    <subfield code="a">p. 71-100</subfield>
  </datafield>
  <datafield tag="505" ind1=" " ind2=" ">
    <subfield code="a">Sumario: I. La provincia de Buenos Aires.&#x2014; II. La creaci&#xF3;n de las provincias patag&#xF3;nicas.&#x2014; III. La determinaci&#xF3;n de l&#xED;mites en las constituciones de las provincias con litoral mar&#xED;timo.&#x2014; IV. Los l&#xED;mites provinciales en la jurisprudencia de la Corte Suprema.&#x2014; V. La competencia en las causas de almirantazgo y jurisdicci&#xF3;n mar&#xED;tima.&#x2014; VI. La evoluci&#xF3;n de los derechos de los estados sobre el mar y la evoluci&#xF3;n de la legislaci&#xF3;n pesquera argentina.&#x2014; VII. El art. 124 de la Constituci&#xF3;n argentina de 1994.&#x2014; VIII. La federalizaci&#xF3;n de los hidrocarburos.&#x2014; IX. Primac&#xED;a del derecho federal.&#x2014; X. La Convenci&#xF3;n de Derechos del Mar.&#x2014; XI. La jurisprudencia de la Corte Suprema sobre los recursos pesqueros.

</subfield>
  </datafield>
  <datafield tag="505" ind1=" " ind2=" ">
    <subfield code="t">&#xBF;Te interesa el texto completo? Comunicate al correo: koha@justierradelfuego.gov.ar
</subfield>
  </datafield>
  <datafield tag="650" ind1=" " ind2="0">
    <subfield code="9">211</subfield>
    <subfield code="a">DERECHO ADMINISTRATIVO</subfield>
  </datafield>
  <datafield tag="650" ind1=" " ind2="0">
    <subfield code="9">6874</subfield>
    <subfield code="a">DERECHO DEL MAR</subfield>
  </datafield>
  <datafield tag="773" ind1="0" ind2=" ">
    <subfield code="0">2842</subfield>
    <subfield code="9">3251</subfield>
    <subfield code="d">Buenos Aires : AbeledoPerrot, 2012-</subfield>
    <subfield code="o">DA121</subfield>
    <subfield code="t">Derecho administrativo. N&#xBA; 145 enero/febrero 2023</subfield>
    <subfield code="z">18510590</subfield>
  </datafield>
  <datafield tag="942" ind1=" " ind2=" ">
    <subfield code="2">udc</subfield>
    <subfield code="c">ANA</subfield>
  </datafield>
</record>
